| 000 | 00522nam a22002051a 4500 | ||
|---|---|---|---|
| 001 | 2713 | ||
| 003 | OSt | ||
| 005 | 20260204211823.0 | ||
| 008 | 040322s1997||||dr ||||||b||||||||||spa|| | ||
| 050 | _aRD 510 B145m | ||
| 082 | _aRD 510 B145m | ||
| 100 | _aBáez de Erazo, Melba | ||
| 245 | _aMatemática básica III / Melba Báez de Erazo | ||
| 264 | _aSanto Domingo : De Colores | ||
| 300 | _a566 p. | ||
| 500 | _aIncluye indice | ||
| 650 | _a1.Matemática | ||
| 700 | _aTaveras de Frías, RayitaÌ | ||
| 942 |
_2ddc _cBK |
||
| 999 |
_c2713 _d2713 |
||